Every Song by Trapt - Statistics

General Stats
  • This quiz has been taken 3 times
  • The average score is 13 of 101
Answer Stats
Album Song % Correct
Trapt(2002) Headstrong
100%
Trapt(2002) Echo
67%
Trapt(2002) New Beginning
67%
No Apologies(2010) No Apologies
67%
Someone in Control(2005) Stand Up
67%
Only Through the Pain(2008) Black Rose
33%
Someone in Control(2005) Bleed Like Me
33%
Reborn(2013) Bring It
33%
Only Through the Pain(2008) Contagious
33%
Someone in Control(2005) Disconnected (Out of Touch)
33%
No Apologies(2010) End of My Rope
33%
Trapt(2002) Enigma
33%
Trapt(2002) Hollowman
33%
DNA(2016) Human (Like the Rest of Us)
33%
Someone in Control(2005) Influence
33%
Amalgamation(1999) Instra
33%
DNA(2016) Intro
33%
DNA(2016) It's Over
33%
Someone in Control(2005) Lost Realist
33%
Reborn(2013) Love Hate Relationship
33%
Trapt(2002) Made of Glass
33%
Shadow Work(2020) Make It Out Alive
33%
Only Through the Pain(2008) Only One in Color
33%
Only Through the Pain(2008) Ready When You Are
33%
No Apologies(2010) Sound Off
33%
Trapt Live!(2007) Stay Alive
33%
Trapt(2002) Still Frame
33%
Trapt(2002) Stories
33%
Shadow Work(2020) Too Far Away
33%
Shadow Work(2020) Trying Too Hard
33%
Someone in Control(2005) Victim
33%
Only Through the Pain(2008) Wasteland
33%
Trapt(2002) When All is Said and Done
33%
Only Through the Pain(2008) Who's Going Home With You Tonight?
33%
Non-Album(2021) Above It All
0%
Someone in Control(Bonus)(2005) Alibi
0%
DNA(2016) Anchor
0%
No Apologies(2010) Are You with Me
0%
Reborn(Bonus)(2013) Avelyn
0%
No Apologies(2010) Beautiful Scar
0%
Amalgamation(1999) Can This Be
0%
The Fall(2023) Can't Look Away
0%
DNA(2016) Castaway
0%
DNA(2016) Changing Hands
0%
DNA(Bonus)(2016) Chasing Highs
0%
Amalgamation(1999) Control Me
0%
Only Through the Pain(2008) Cover Up
0%
Only Through the Pain(2008) Curiosity Kills
0%
Shadow Work(2020) Hold And Be Held
0%
No Apologies(2010) Drama Queen
0%
Non-Album(2021) Drop Your Guard
0%
Trapt Live!(2007) Everything to Lose
0%
Reborn(2013) Experience
0%
DNA(2016) Fallen Angel
0%
Shadow Work(2020) Far Enough Away
0%
Shadow Work(2020) Fire
0%
Only Through the Pain(2008) Forget About the Rain
0%
Reborn(2013) Get Out of Your Own Way
0%
DNA(2016) Getting Even
0%
No Apologies(2010) Get Up
0%
Shadow Work(2020) Get You Back
0%
Reborn(2013) Going Under
0%
The Fall(2023) Ignorance is Bliss
0%
Shadow Work(2020) I Want To Want What I Want
0%
Amalgamation(1999) Leaving Behind
0%
Shadow Work(2020) Let Me Down Slowly
0%
Reborn(2013) Livewire (Light Me Up)
0%
Reborn(2013) Living in the Eye of the Storm
0%
Amalgamation(1999) No One
0%
DNA(2016) Not So Different
0%
No Apologies(2010) Overloaded
0%
DNA(Bonus)(2016) Panic Room
0%
DNA(2016) Passenger
0%
Amalgamation(1999) Perfect
0%
Non-Album(2021) Pride
0%
Someone in Control(2005) Product of My Own Design
0%
Non-Album(2003) Promise
0%
Someone in Control(2005) Repeat Offender
0%
Amalgamation(1999) Riddle
0%
Shadow Work(2020) Save Your Soul
0%
Amalgamation(1999) Sick
0%
Someone in Control(2005) Skin Deep
0%
No Apologies(2010) Storyteller
0%
No Apologies(2010) Stranger in the Mirror
0%
Reborn(2013) Strength in Numbers
0%
DNA(2016) Tangled Up in You
0%
Shadow Work(2020) Tell Me How You Really Feel
0%
Trapt(2002) The Game
0%
Only Through the Pain(2008) The Last Tear
0%
Trapt(2002) These Walls
0%
No Apologies(2010) The Wind
0%
Reborn(2013) Too Close
0%
Shadow Work(2020) Too Little Too Late
0%
Shadow Work(2020) Turn Me Around Again
0%
DNA(2016) Unforgiven
0%
Someone in Control(2005) Use Me to Use You
0%
Someone in Control(2005) Waiting
0%
Reborn(2013) When It Rains
0%
Only Through the Pain(2008) Wherever She Goes
0%
Amalgamation(1999) Who I Am
0%
Reborn(2013) You're No Angel
0%
No matching quizzes found
Score Distribution
Percent of People with Each Score
Percentile by Number Answered
Your Score History
You have not taken this quiz